Tojótyúkok takarmányozása zárt tartásban
Elmentve itt :
| Szerző: | |
|---|---|
| További közreműködők: | |
| Dokumentumtípus: | Szakdolgozat |
| Megjelent: |
1973
|
| Kulcsszavak: | Baromfitenyésztés Takarmányozás |
| Tárgyszavak: | |
| Online Access: | http://diploma.bibl.u-szeged.hu/97871 |
| LEADER | 00724nta a2200229 i 4500 | ||
|---|---|---|---|
| 001 | dipl97871 | ||
| 005 | 20220124090137.0 | ||
| 008 | 220108s1973 hu om 0|| hun d | ||
| 040 | |a SZTE Diploma Repozitórium |b hun | ||
| 041 | |a hun | ||
| 100 | 1 | |a Gázsity István | |
| 245 | 1 | 0 | |a Tojótyúkok takarmányozása zárt tartásban |h [elektronikus dokumentum] / |c István Gázsity |
| 260 | |c 1973 | ||
| 300 | |a 30 | ||
| 650 | 4 | |a Agrár | |
| 650 | 4 | |a Agricultural sciences | |
| 650 | 4 | |a Animal and Dairy science | |
| 650 | 4 | |a Husbandry | |
| 695 | |a Baromfitenyésztés | ||
| 695 | |a Takarmányozás | ||
| 700 | 1 | |a nincs megadva |e ths | |
| 856 | 4 | 0 | |u http://diploma.bibl.u-szeged.hu/id/eprint/97871/1/1973_gazsity_istvan.pdf |z Dokumentum-elérés |